Zorrilla (Record no. 22369)

MARC details
000 -LEADER
campo de control de longitud fija 00673nam a2200205 i 4500
001 - NÚMERO DE CONTROL
campo de control 22369
003 - IDENTIFICADOR DE NÚMERO DE CONTROL
campo de control ES-MaACL
005 - FECHA Y HORA DE LA ÚLTIMA TRANSACCIÓN
campo de control 20250930063037.0
007 - CAMPO FIJO DE DESCRIPCIÓN FÍSICA--INFORMACIÓN GENERAL
campo de control de longitud fija t|
008 - DATOS DE LONGITUD FIJA--INFORMACIÓN GENERAL
campo de control de longitud fija 021202s1943 sp f |||| |bspa d
100 1# - ENTRADA PRINCIPAL--NOMBRE DE PERSONA
Nombre de persona Alonso Cortés, Narciso,
Fechas asociadas al nombre 1875-1972
9 (RLIN) 20277
245 10 - MENCIÓN DEL TÍTULO
Título Zorrilla
Resto del título : su vida y sus obras /
Mención de responsabilidad, etc. Narciso Alonso Cortés.
250 ## - MENCION DE EDICION
Mención de edición 2ª ed.
260 ## - PUBLICACIÓN, DISTRIBUCIÓN, ETC.
Lugar de publicación, distribución, etc. Valladolid :
Nombre del editor, distribuidor, etc. Santarén,
Fecha de publicación, distribución, etc. 1943 (
Fabricante Imp. Castellana)
300 ## - DESCRIPCIÓN FÍSICA
Extensión 1242 p., 20 lám. ;
Dimensiones 25 cm.
600 14 - PUNTO DE ACCESO ADICIONAL DE MATERIA--NOMBRE DE PERSONA
Nombre de persona Zorrilla, José,
Fechas asociadas al nombre 1817-1893
9 (RLIN) 118354
600 17 - PUNTO DE ACCESO ADICIONAL DE MATERIA--NOMBRE DE PERSONA
Nombre de persona Zorrilla, José,
Fechas asociadas al nombre 1817-1893-
Subdivisión general Crítica e interpretación
Fuente del encabezamiento o término
9 (RLIN) 169965
852 ## - LOCALIZACIÓN
Ubicación ES-MaACL
Número de control de estantería B-1777
Holdings
Estatus retirado Estado de pérdida Estado de daño No para préstamo Biblioteca de origen Biblioteca actual Ubicación en estantería Fecha de adquisición Fuente de adquisición Total de préstamos Signatura topográfica completa Código de barras Visto por última vez Precio de reemplazo Tipo de ítem Koha
        Biblioteca del Ateneo de Madrid Biblioteca del Ateneo de Madrid Sala Pardo Bazán 17/01/2008     B-1777 1023026 23/02/2023 23/02/2023 Libro impreso